000 00554nam a22001817a 4500
005 20251108171900.0
008 250721s1988 xx 000 0 ara d
082 1 4 _aط/922.1/حار
100 1 _aالحارث، محمود عبد الغفار
245 1 0 _aالسيدة أم حبيبة بنت أبي سفيان /
264 1 _aالخرطوم :
_bدار الحارث،
_c1988.
300 _a13ص
490 0 _aأمهات المؤمنين ،4
650 1 7 _aالدين الإسلامي
650 1 7 _aتراجم
942 _2ddc
_cBK
999 _c65061
_d65061